| 000 | 00585nam a2200157 4500 | ||
|---|---|---|---|
| 999 |
_c7113 _d7113 |
||
| 008 | 170727b xxu||||| |||| 00| 0 eng d | ||
| 022 | _a16565541 | ||
| 082 | _aDPer 641.05 F73 Dec 2012-Nov 2013 v. 9-10, n. 6-5 | ||
| 100 |
_921507 _aKuy, Ann. |
||
| 245 |
_aThe first ever iron butcher in the Philippines/ _cAnn Kuy. |
||
| 260 |
_aMakati City, Philippines: _bHinge Inquirer Publications, Inc., _c©2012-2013. |
||
| 300 |
_a v10 n2, page 63: _billustrations; _c28 cm. |
||
| 500 | _aFood and beverages: make a living with food. | ||
| 650 | 0 |
_921508 _aCooking _xChef |
|
| 942 |
_2ddc _cPER |
||